Statistics for Shortest Asian Country A-Z Blitz

Click here to take the quiz!

General Stats

  • This quiz has been taken 38 times
  • The average score is 13 of 19

Answer Stats

LetterCountryNo of Letters% Correct
OOman4
100%
IIran/Iraq4
97%
YYemen5
91%
QQatar5
91%
LLaos4
88%
BBrunei/Bhutan6
81%
JJapan5
78%
CChina5
75%
KKuwait6
72%
VVietnam7
69%
NNepal5
69%
AArmenia7
59%
RRussia6
56%
UUzbekistan10
53%
GGeorgia7
53%
SSyria5
41%
PPakistan8
34%
MMyanmar7
28%
TTurkey6
28%

Score Distribution

Percentile by Number Answered

Percent of People with Each Score

Your Score History

You have not taken this quiz